El ojo del alma

Saved in:
Bibliografiske detaljer
Hovedforfatter: Díaz Eterovic, Ramón (autor)
Format: Bog
Sprog:spansk
Udgivet: Santiago Lom 2001
Udgivelse:1a. ed
Serier:Narrativa
Fag:
Tags: Tilføj Tag
Ingen Tags, Vær først til at tagge denne postø!

MARC

LEADER 00000nam a2200000 a 4500
001 UCN8167
003 CL-VaPUC
008 011109e20010900CL |||||||||||||||||spa|d
020 |a 9562823814 
082 0 4 |a Ch863  |b DIA  |2 21 
100 |a Díaz Eterovic, Ramón  |e autor  |9 322452 
245 1 3 |a El ojo del alma 
250 |a 1a. ed 
300 |a 247 p 
942 |c BK 
945 |d 20011109 00:00:00  |a vberengu 
260 |a Santiago  |b Lom  |c 2001 
500 |a Premio Municipal de Literatura 2002 
650 0 |a Literatura chilena   |9 308278 
650 0 |a Novelas chilenas   |9 265425 
583 |a last modification  |c 20011109 00:00:00  |k Rodrigo Vera 
490 0 |a Narrativa 
999 |c 298199  |d 298197 
952 |0 0  |1 0  |4 0  |6 CH_863_000000000000000_DIA_2001  |7 0  |8 A  |9 353596  |a BIBEDU  |b BIBEDU  |d 2019-11-21  |i 3771504  |o Ch863 DIA 2001  |p 3771504  |r 2019-11-21  |w 2019-11-21  |y BK  |k CUE 
952 |0 0  |1 0  |4 0  |6 CH_863_000000000000000_DIA_2001  |7 0  |8 A  |9 353597  |a FDOPOS  |b FDOPOS  |d 2019-11-21  |i 4178211  |o Ch863 DIA 2001  |p 4178211  |r 2025-01-22  |w 2019-11-21  |y BK  |k MLH